Loading...
| Science - Physics | 0 | 3 | 0 | 0 | 30 | 66 | 88.00 | 0 | 1 | 8.34 | 17.00 |
| Fine Arts - Classical Music | 0 | 2 | 0 | 0 | 20 | 49 | 57.50 | 0 | 2 | 10.70 | 18.00 |
| Literature - British | 0 | 2 | 0 | 0 | 20 | 84 | 110.00 | 0 | 0 | 4.71 | 11.00 |
| Social Science | 0 | 2 | 0 | 0 | 20 | 98 | 104.00 | 1 | 2 | 1.55 | 17.00 |
| History - World | 0 | 1 | 0 | 0 | 10 | 99 | 99.00 | 0 | 0 | 2.14 | 4.00 |
| History - American | 0 | 1 | 0 | 1 | 10 | 123 | 123.00 | 0 | 0 | 0.08 | 5.00 |
| Literature - World/Other | 0 | 1 | 0 | 0 | 10 | 95 | 95.00 | 0 | 0 | 2.80 | 5.00 |
| Science - Biology | 0 | 1 | 0 | 0 | 10 | 114 | 114.00 | 0 | 0 | 0.42 | 2.00 |
| History - Other | 0 | 1 | 0 | 1 | 10 | 121 | 121.00 | 0 | 0 | 0.00 | 1.00 |
| Literature - American | 0 | 1 | 0 | 0 | 10 | 124 | 124.00 | 0 | 0 | 1.01 | 3.00 |
| Religion | 0 | 1 | 0 | 0 | 10 | 128 | 128.00 | 0 | 0 | 0.08 | 3.00 |
| Philosophy | 0 | 0 | 1 | 0 | -5 | 0.00 | 0 | 0 | 0.00 | 0.00 | |
| Science - Chemistry | 0 | 0 | 1 | 0 | -5 | 0.00 | 0 | 0 | 0.00 | 0.00 | |
| Science - Other | 0 | 0 | 1 | 0 | -5 | 0.00 | 0 | 0 | 0.00 | 0.00 |